| 000 | 00724nam a2200205 i 4500 | ||
|---|---|---|---|
| 001 | 123720 | ||
| 003 | ES-MaACL | ||
| 005 | 20250910213557.0 | ||
| 007 | t| | ||
| 008 | 070214s1956 sp |||| | cat d | ||
| 100 | 0 |
_aRamón Llull, _cBeato, _dca. 1232-1316? _995219 |
|
| 245 | 1 | 0 |
_aSor Natana / _cRamón Llull ; versión moderna per Enric Bagué. |
| 260 |
_aBarcelona : _bBarcino, _c1956. |
||
| 300 |
_a63 p. ; _c16 cm. |
||
| 490 | 1 |
_aCol. Popular Barcino CLIV. Els Clássicos Catalans Modernitzats ; _v6 |
|
| 700 | 1 |
_aBagué, Enric, _d1900-1987 _9161547 |
|
| 830 | 0 |
_aCol. Popular Barcino CLIV. Els Clássicos Catalans Modernitzats ; _v6 _9218961 |
|
| 852 |
_aES-MaACL _j1983-F-5 |
||
| 999 |
_c123720 _d123720 |
||